<?xml version="1.0" encoding="UTF-8"?>
<record
    xmlns:xsi="http://www.w3.org/2001/XMLSchema-instance"
    xsi:schemaLocation="http://www.loc.gov/MARC21/slim http://www.loc.gov/standards/marcxml/schema/MARC21slim.xsd"
    xmlns="http://www.loc.gov/MARC21/slim">

  <leader>01248nem a2200265 u 4500</leader>
  <controlfield tag="005">20200104041743.0</controlfield>
  <controlfield tag="008">160506b2004    c  ||||| |a|| 00| 0 spa d</controlfield>
  <datafield tag="040" ind1=" " ind2=" ">
    <subfield code="a">CO-BoIAVH</subfield>
    <subfield code="c">CO-BoIAVH</subfield>
  </datafield>
  <datafield tag="041" ind1=" " ind2=" ">
    <subfield code="a">spa</subfield>
  </datafield>
  <datafield tag="044" ind1=" " ind2=" ">
    <subfield code="a">ck</subfield>
  </datafield>
  <datafield tag="090" ind1=" " ind2=" ">
    <subfield code="a">MC-</subfield>
    <subfield code="b">0163</subfield>
  </datafield>
  <datafield tag="110" ind1=" " ind2=" ">
    <subfield code="a">Instituto de Investigaci&#xF3;n de Recursos Biol&#xF3;gicos Alexander von Humboldt.</subfield>
    <subfield code="9">204</subfield>
  </datafield>
  <datafield tag="245" ind1=" " ind2=" ">
    <subfield code="a">Distribuci&#xF3;n de registros aves amenazadas ;</subfield>
    <subfield code="b">Linea de especies focales </subfield>
    <subfield code="h">[Material Cartografico]</subfield>
  </datafield>
  <datafield tag="255" ind1=" " ind2=" ">
    <subfield code="a">1:1&#xB4;000.000</subfield>
  </datafield>
  <datafield tag="260" ind1=" " ind2=" ">
    <subfield code="a">Bogot&#xE1; ;</subfield>
    <subfield code="b">Instituto de Investigaci&#xF3;n de Recursos Biol&#xF3;gicos Alexander von Humboldt.</subfield>
    <subfield code="c">2004</subfield>
  </datafield>
  <datafield tag="300" ind1=" " ind2=" ">
    <subfield code="a">1 mapa </subfield>
    <subfield code="b">color</subfield>
    <subfield code="c">99 x 92 cm </subfield>
  </datafield>
  <datafield tag="500" ind1=" " ind2=" ">
    <subfield code="a">Identifcaci&#xF3;n de especies de fauna y flora amenzadas y listado de las especies de aves que cumplen criterios para &#xC1;reas importantes para la conservaci&#xF3;n de las aves (AICAS) en el &#xE1;rea de la jurisdicci&#xF3;n de la corporaci&#xF3;n Autonoma Regional de Cundinamarca</subfield>
  </datafield>
  <datafield tag="650" ind1="1" ind2="6">
    <subfield code="a">Hidrograf&#xED;a</subfield>
    <subfield code="z">Cundinamarca</subfield>
    <subfield code="9">70846</subfield>
  </datafield>
  <datafield tag="650" ind1="1" ind2="6">
    <subfield code="a">Geograf&#xED;a</subfield>
    <subfield code="z">Cundinamarca</subfield>
    <subfield code="9">70847</subfield>
  </datafield>
  <datafield tag="650" ind1="1" ind2="6">
    <subfield code="a">Carreteras</subfield>
    <subfield code="z">Cundinamarca</subfield>
    <subfield code="9">70848</subfield>
  </datafield>
  <datafield tag="650" ind1="1" ind2="6">
    <subfield code="a">Parques nacionales </subfield>
    <subfield code="z">Cundinamarca</subfield>
    <subfield code="9">70849</subfield>
  </datafield>
  <datafield tag="650" ind1="1" ind2="6">
    <subfield code="a">Aves</subfield>
    <subfield code="z">Cundinamarca</subfield>
    <subfield code="9">70850</subfield>
  </datafield>
  <datafield tag="710" ind1="1" ind2=" ">
    <subfield code="a">Corporaci&#xF3;n aut&#xF3;noma regional de cundinamarca</subfield>
    <subfield code="9">3054</subfield>
  </datafield>
  <datafield tag="942" ind1=" " ind2=" ">
    <subfield code="2">z</subfield>
    <subfield code="c">Mapa</subfield>
  </datafield>
  <datafield tag="999" ind1=" " ind2=" ">
    <subfield code="c">18499</subfield>
    <subfield code="d">18499</subfield>
  </datafield>
  <datafield tag="952" ind1=" " ind2=" ">
    <subfield code="0">0</subfield>
    <subfield code="1">0</subfield>
    <subfield code="2">z</subfield>
    <subfield code="4">0</subfield>
    <subfield code="7">0</subfield>
    <subfield code="8">CARTOGRAFI</subfield>
    <subfield code="a">Bogota</subfield>
    <subfield code="b">Bogota</subfield>
    <subfield code="d">2016-05-06</subfield>
    <subfield code="l">0</subfield>
    <subfield code="o">MC-0163</subfield>
    <subfield code="p">040120</subfield>
    <subfield code="r">2016-05-06 00:00:00</subfield>
    <subfield code="t">Ej.1</subfield>
    <subfield code="w">2016-05-06</subfield>
    <subfield code="y">Mapa</subfield>
  </datafield>
</record>
